00639 2200229 4500001002100000005001500021008004100036020002200077035001900099041000700118082001400125090001800139100002700157245005100184260003700235300003300272500001100305650002300316990002300339990002400362990002300386INLIS00000000000231820241224112521241224||||||||| | ||| |||| || |  a978-979-8002-06-9 0010-1224002318 aid0 aRef 610.3 aRef 610.3 KAM0 aTeddi Muhtadin [et.al]00aKamus Istilah Kesehatan Dalam Kebudayaan Sunda aBandungbKiblat Buku Utamac2013 a21x14,5 cm, 190 hlm.; ilus.: aCet. 1 0akesehatan -- Kamus a05.17.01.01.04 001 a05. 17.01.07.01.001 a05.17.01.01.04 002